Futures <the> journal of forecasting, planning and policy

Guardado en:
Detalles Bibliográficos
Formato: Seriadas
Lenguaje:inglés
Publicado: Oxford Butterworth-Heinemann 1993
Materias:
Etiquetas: Agregar Etiqueta
Sin Etiquetas, Sea el primero en etiquetar este registro!

MARC

LEADER 00000nas2a2200000 4500
001 s013706
005 20240109100121.0
022 |a 0016-3287 
041 0 |a eng 
044 |a GB 
245 1 0 |a Futures  |b <the> journal of forecasting, planning and policy 
264 1 |a Oxford  |b Butterworth-Heinemann  |c 1993 
300 |a 1 zv. 
773 0 |w eu_un_cat*s120178 
610 2 0 |a prognózy 
610 2 0 |a prognózy hospodárske 
610 2 0 |a prognózy dlhodobé